| 000 | 00378nam a2200157Ia 4500 | ||
|---|---|---|---|
| 008 | 230524s9999 xx 000 0 und d | ||
| 020 | _a9780070264373 | ||
| 100 | _aMichael Levy | ||
| 245 | 0 | _aRetailing Management | |
| 250 | _a6th ed. | ||
| 260 | _bMGH | ||
| 500 | _aQuantity Number: 10 | ||
| 650 | _aManagement | ||
| 700 | _a Barton A Weitz & Ajay Pandit | ||
| 942 | _cBK | ||
| 999 |
_c51279 _d51279 |
||